000 00678nam a2200169 i 4500
001 162660
003 ES-MaACL
005 20230906212556.0
008 990127s1886 sp |||| | spa d
040 _aCCPB | B
_bspa
_cCCPB | B
245 0 0 _aProyecto de organización militar discutido entre varios oficiales generales /
_cy que publica Romualdo Palacio.
260 _aMadrid :
_b[s.n.],
_c1886 (
_fImprenta de la Dirección General de Caballería)
300 _a144 p. ;
_c22 cm.
650 4 _aLogística militar.
_9136445
700 1 _aPalacio, Romualdo.
_9130784
852 _aES-MaACL
_jT-1289-F-3
_z-- Enc. hol., conservando la cub. original
_z-- Enc. en un vol. facticio
999 _c162660
_d162660